000 00813nam a2200241 a 4500
001 BRCA_1727
005 20190320203527.0
008 030911s2003 mx-a---###---#000-0#spa-#
020 _a9703500579
040 _aDLC
_cDLC
041 _aspa
044 _amx
050 4 _aTR646.M4
_b.F6 2003
245 1 0 _aFotoseptiembre
_b10 aniversario : red de la imagen
_cdiseño Lourdes Franco ; edición Gustavo Prado.
260 _aMéxico
_bCentro de la Imagen : CONACULTA
_c2003
300 _a183 p.
_bil. (algunas a color)
_c30 cm.
_eGuía 2003
650 1 4 _aFotografía
_vExposiciones
_zMéxico
_95398
650 1 4 _aFotógrafos
_vExposiciones
_zMéxico
_95399
650 1 4 _aFotografía artística
_vExposiciones
_zMéxico
_95400
700 1 _aFranco, Lourdes
_95401
700 1 _aPrado, Gustavo
_eed.
_95402
942 _2lcc
_cB
999 _c1515
_d1515